| 000 | 00791nam a22002417a 4500 | ||
|---|---|---|---|
| 999 |
_c20874 _d20874 |
||
| 003 | AR-CdUCM | ||
| 008 | 190402b ||||| |||| 00| 0 spa d | ||
| 040 |
_aMUNICIPALIDAD PROVINCIAL DEL CUSCO _cBIBLIOTECA MUNICIPAL DEL CUSCO |
||
| 082 |
_aEP / 808.3 / _bEN56 |
||
| 110 |
_aGloberama _943574 |
||
| 245 | _aEnciclopedia estudiantil / | ||
| 260 |
_bPublex, _aMéxico : _c1961. |
||
| 300 |
_bIlustraciones, _c34 cm. _a19 páginas ; |
||
| 440 |
_aEnciclopedia Globerama _943575 |
||
| 505 | _aContenidos : La ardilla -- Cicerón -- Las urticales -- El aparato circulatorio... | ||
| 650 |
_aEducacion primaria _91561 |
||
| 650 |
_aCiencias _98174 |
||
| 650 |
_aHumanidades _9641 |
||
| 650 |
_aHistoria _9136 |
||
| 700 |
_aGibelli, Nicolás J. _943576 |
||
| 942 |
_2ddc _cLIBROS |
||
| 945 | _arcc | ||